We once were gazelles : (Record no. 201977)

MARC details
000 -LEADER
fixed length control field 00554nam a22001817a 4500
005 - DATE AND TIME OF LATEST TRANSACTION
control field 20240408152905.0
010 ## - LCCN (DPL NO)
LC control number ENG-140067
020 ## - INTERNATIONAL STANDARD BOOK NUMBER
International Standard Book Number 9788194674078
Terms of availability 1000.00
035 ## - SYSTEM CONTROL NUMBER
System control number EN-123599
037 ## - SOURCE OF ACQUISITION
Source of stock number/acquisition DBAD/PUB
082 ## - DEWEY DECIMAL CLASSIFICATION NUMBER
Classification number N
100 ## - MAIN ENTRY--PERSONAL NAME
Personal name Daniels, Michael Chacko
245 ## - TITLE STATEMENT
Title We once were gazelles :
Statement of responsibility, etc by Michael Chacko Daniels
Remainder of title a tale from when the pigfielders were chinkara /
260 ## - PUBLICATION, DISTRIBUTION, ETC. (IMPRINT)
Place of publication, distribution, etc Kolkata
Name of publisher, distributor, etc Writers Workshop
Date of publication, distribution, etc 2020
270 ## - ADDRESS
Address C-532,Lake Garden
City Kolkata
Postal code 700045
300 ## - PHYSICAL DESCRIPTION
Extent 464p.
Dimensions 22(Hb)
942 ## - ADDED ENTRY ELEMENTS (KOHA)
Item type English Books
Classification part N
Source of classification or shelving scheme Dewey Decimal Classification
Call number suffix DAN
Holdings
Withdrawn status Lost status Not for loan Collection code Home library Current library Date acquired Source of acquisition Cost, normal purchase price Full call number Barcode Copy number Cost, replacement price Koha item type
      Fiction New Police Line New Police Line 08/04/2024 DBAD 1000.00 N DAN EN-123599 1 1000.00 English Books

© Delhi Public Library
Hit Counter
free hit counter